000 00674nam a2200229 i 4500
001 105910
003 ES-MaACL
005 20230906184016.0
007 t|
008 060912s1973 fr ||||1| fre d
080 _a341.232
100 1 _aFuchs, Yves.
_952814
245 1 3 _aLa coopération, aide ou néo-colonialisme? /
_cYves Fuchs.
260 _aParis :
_bEditions Sociales,
_c[1973]
300 _a190 p. ;
_c18 cm.
490 1 _aNotre temps/Monde ;
_v5
500 _aBiblioteca Juan Andrade.
650 4 _aCooperación internacional.
_911350
830 0 _aNotre temps/Monde ;
_v5
_9232783
852 _aES-MaACL
_jAND-932
_bR.110220
999 _c105910
_d105910